[Event "BEL-ch U18/20"]
[Site "Bruges"]
[Date "2012.04.11"]
[Round "6"]
[White "Van Kerrebroeck, Reinout"]
[Black "Cuyt, Sven"]
[Result "0-1"]
[WhiteElo "1424"]
[BlackElo "1555"]
[PlyCount "98"]
[EventDate "2012.04.08"]
[EventType "swiss"]
[EventRounds "9"]
[EventCountry "BEL"]
[SourceTitle "CBM 147 Extra"]
[Source "ChessBase"]
[SourceDate "2012.04.24"]
[SourceVersion "1"]
[SourceVersionDate "2012.04.24"]
[SourceQuality "1"]

1. e4 e5 2. Nf3 Nc6 3. c3 Nf6 4. d4 exd4 5. e5 Nd5 6. cxd4 Bb4+ 7. Bd2 Bxd2+ 8. Nbxd2 0-0 9. Bc4 Nb6 10. Bb3 d6 11. 0-0 Bg4 12. h3 Bh5 13. Ne4 dxe5 14. dxe5 Qxd1 15. Bxd1 Bxf3 16. Bxf3 Nxe5 17. Nd2 Nxf3+ 18. Nxf3 Rfe8 19. Rfe1 c6 20. Nd4 Kf8 21. Rac1 Nd5 22. a3 Nf4 23. Rxe8+ Rxe8 24. Rd1 Rd8 25. Rd2 c5 26. Nb3 Rxd2 27. Nxd2 Ke7 28. Ne4 b6 29. Kf1 f6 30. g3 Nxh3 31. f4 g5 32. Kg2 g4 33. Nc3 Ke6 34. Nb5 a5 35. Nc3 f5 36. b3 Kd6 37. a4 h5 38. Kf1 h4 39. gxh4 Nxf4 40. Kf2 Ke5 41. Kg3 Nh5+ 42. Kf2 Kd4 43. Ne2+ Kd3 44. Ng3 Ng7 45. h5 Nxh5 46. Nxh5 Kc3 47. Ng3 Kxb3 48. Nxf5 Kxa4 49. Ne3 Kb3 0-1